| 000 | 00634nam a2200217 a 4500 | ||
|---|---|---|---|
| 005 | 20240925064532.0 | ||
| 008 | 010615s1994 mx r 000 0 spa d | ||
| 020 | _a9688604089 | ||
| 035 | _aUPN01000108422 | ||
| 049 | _aCG | ||
| 050 | 4 |
_aPN4128 _bR6.2 1994 |
|
| 100 | 1 |
_aRodríguez Estrada, Mauro, _d1930-2007 |
|
| 245 | 1 | 0 |
_aCreatividad verbal : _bcómo desarrollarla / _cMauro Rodríguez Estrada. |
| 250 | _a3a ed. | ||
| 260 |
_aMéxico : _bPax-México, _c1994. |
||
| 300 | _a173 p. | ||
| 650 | 4 |
_aComunicación oral _93602 |
|
| 650 | 4 |
_aELOCUCION _912934 |
|
| 650 | 4 |
_aPensamiento creativo (Educación) _95414 |
|
| 905 | _aLibro | ||
| 999 |
_c82334 _d82334 |
||